000 00470nam a2200181Ia 4500
008 090124s9999 xx 000 0 und d
082 _b20720
_a2272
100 _aचौधरी गणेश
245 _a तृषार्त
250 _a1
260 _c1974
300 _a180
600 _aचौधरी गणेश
630 _a तृषार्त
700 _aचौधरी गणेश
730 _a तृषार्त
942 _cBOOK
999 _c134522
_d134522